COLPOSCOPY AND ATLAS (Record no. 14699)
[ view plain ]
| 000 -LEADER | |
|---|---|
| fixed length control field | 00315nam a22001457a 4500 |
| 003 - CONTROL NUMBER IDENTIFIER | |
| control field | SGT |
| 020 ## - INTERNATIONAL STANDARD BOOK NUMBER | |
| International Standard Book Number | 81-7724-023-4 |
| 082 ## - DEWEY DECIMAL CLASSIFICATION NUMBER | |
| Classification number | 618.14 |
| Item number | C04M |
| 100 ## - MAIN ENTRY--PERSONAL NAME | |
| Personal name | MAHAZAN, PUSHPLATA |
| 245 ## - TITLE STATEMENT | |
| Title | COLPOSCOPY AND ATLAS |
| 260 ## - PUBLICATION, DISTRIBUTION, ETC. (IMPRINT) | |
| Place of publication, distribution, etc | NEW DELHI |
| Name of publisher, distributor, etc | MODERN PUB |
| Year of Publication | 2004 |
| 300 ## - PAGE DESCRIPTION | |
| No. of Pages | 162 |
| 650 ## - SUBJECT ADDED ENTRY--TOPICAL TERM | |
| Topical term or geographic name as entry element | AYURVEDA |
| 942 ## - ADDED ENTRY ELEMENTS (KOHA) | |
| Source of classification or shelving scheme | Dewey Decimal Classification |
| Koha item type | Books |
| Withdrawn status | Lost status | Source of classification or shelving scheme | Damaged status | Not for loan | Collection code | Home library | Current library | Shelving location | Date acquired | Vendor Name | Cost, normal purchase price | SGTU | Bill Number | Total Checkouts | Full call number | Accession No. (Barcode) | Date last seen | Bill Date | Koha item type |
|---|---|---|---|---|---|---|---|---|---|---|---|---|---|---|---|---|---|---|---|
| Dewey Decimal Classification | AYURVEDA | SGT FA-FP Library | SGT FA-FP Library | Text Book | 24/01/2018 | AHUJA PUB | 500.00 | SGTU | 9136 | 618.14 C04M | FA7761 | 24/01/2018 | 04/01/2018 | Books | |||||
| Dewey Decimal Classification | AYURVEDA | SGT FA-FP Library | SGT FA-FP Library | Text Book | 24/01/2018 | AHUJA PUB | 500.00 | SGTU | 9136 | 618.14 C04M | FA7762 | 24/01/2018 | 04/01/2018 | Books | |||||
| Dewey Decimal Classification | AYURVEDA | SGT FA-FP Library | SGT FA-FP Library | Text Book | 24/01/2018 | AHUJA PUB | 500.00 | SGTU | 9136 | 618.14 C04M | FA7763 | 24/01/2018 | 04/01/2018 | Books | |||||
| Dewey Decimal Classification | AYURVEDA | SGT FA-FP Library | SGT FA-FP Library | Text Book | 24/01/2018 | AHUJA PUB | 500.00 | SGTU | 9136 | 618.14 C04M | FA7764 | 24/01/2018 | 04/01/2018 | Books | |||||
| Dewey Decimal Classification | AYURVEDA | SGT FA-FP Library | SGT FA-FP Library | Text Book | 24/01/2018 | AHUJA PUB | 500.00 | SGTU | 9136 | 618.14 C04M | FA7765 | 24/01/2018 | 04/01/2018 | Books |